00743nam a22002297a 450000500170000001000150001702000110003203500130004303700130005608200180006910000320008724501030011926000460022227000600026830000310032850000190035950500220037865000330040065000360043365000160046970000280048520100826103634.0 aENG-101382 c950.00 aEN-84915 bDBAD/PUB a341.240941054 aBritish Indian Association  aThe proceedings of the british Indian association /ccompiled and edited by Somendra chandra Nandy aKolkatabBritish Indian Associationc2009 a18 Abdul Hamid (British Indian) StreetbKolkatae700069 av.1 (xvi,676p.)c29cm (Hb) aIncludes index av.1- 1883 to 1925 aIndiaxRegional organisation aBritish xRegional organisation aAssociation aNandy, Somendra Chandra